000 00916nam a22002651u 4500
001 12540
003 HDC
007 cr bn ---
008 210209p2005 my eng
040 _aHDC
100 _aMalip Mujib,
_eauthor
_913195
245 0 _aResponse of mature sapodilla (Manilkara zapota) trees to shoot heading /
_cby Malip Mujib
260 _aSerdang :
_bMalaysian Agricultural Research and Development Institute (MARDI),
_c2005
300 _a1 page
336 _atext
_2rdacontent
337 _acomputer
_2rdamedia
338 _aonline resource
_2rdacarrier
650 _aFlowering
_912589
650 _aFlushing
_913197
650 _aShoot heading
_913196
856 _zRequest full-text at [email protected]
942 _2lcc
942 _cAR
942 _kJART 003128
999 _c9863
_d9863